000 00254nam a22001097a 4500
008 170124b xxu||||| |||| 00| 0 eng d
020 _a9780071448758
041 _aeng
080 _22ND
_a618.2
245 _aMEDICINE CLERKSHIP
_cSTEAD, L.G
942 _2udc
_cBK
999 _c3477
_d3477